000 00627nam a2200253Ia 4500
003 OSt
005 20220918164959.0
006 a|||||r|||| 00| 0
007 ta
008 220917b |||||||| |||| 00| 0 eng d
020 _a0831757426
024 _a30,012
037 _cTextual
040 _aARTS
_cARTS
_beng
041 _2eng
_aeng
082 _aO111,3M35x, M1
100 _aTwain Mark
245 0 _aReader
260 _aNew York
_bMayflower USA
_c1981
300 _a951p.
_ccm.
650 _aENGLISH LITERATURE
942 _hO111,3M35x, M1
_cTEXL
_2CC
999 _c127695
_d127695